LEADER 00791nas a2200181 i 4500 001 000000028009 003 CaOOAMICUS 005 20180830125448.0 008 180830s1938 it uu u0 0ita r 040 $aSeMil$bita 245 12$aL'Illusrazione romana :$brivista bimestrale illustrata /$cdirettori: Livio Tovini e Gino Sottochiesa. 260 $aTorino :$bStabilimento grafico,$c1938. 300 $av. ;$c33 cm. 700 1 $aSottochiesa, Gino.$0(OLS)http://semarc/name/10752 700 1 $aTovini, Livio.$0(OLS)http://semarc/name/12780 774 0 $tGlorie di Biella.$dTorino : Stabilimento grafico, 1942.$w()218392 996 $6245$aL'Illusrazione romana :$brivista bimestrale illustrata$9(OLS)http://semarc/title/37986 996 $6260$aTorino :$bStabilimento grafico$9(OLS)http://semarc/publisher/37576 LEADER 01126nam a2200217 i 4500 001 000000181360 003 CaOOAMICUS 005 20090901000000.0 008 090901s1911 it u000 u fre u 013 $a159192 040 $aSeMil$bita 245 10$aCodex Zuqninensis rescriptus :$bVeteris Testamenti. Texte grec des Manuscrits Vatican Syriaque 162 et Mus. Brit. Additionnel 14.665 /$cédité avec introduction et notes par Eugène Tisserant. 260 $aRoma :$bTipografia Poliglotta Vaticana,$c1911. 300 $aLXXXV, 275 p., [6] p. di tav. ;$c26 cm. 490 0 $aStudi e testi ;$v23 700 1 $aTisserant, Eugène,$c.$0(OLS)http://semarc/name/17589 830 0$aStudi e testi ;$v23.$0(OLS)http://semarc/title/153 850 $aSeMil 852 $aSeMil$W1$xVenegono$y1$m3C V 48$j132101$B132101$CSeMilBibl$Z2$F143917 $81 996 $6245$aCodex Zuqninensis rescriptus :$bVeteris Testamenti. Texte grec des Manuscrits Vatican Syriaque 162 et Mus. Brit. Additionnel 14.665$9(OLS)http://semarc/title/260360 996 $6260$aRoma :$bTipografia Poliglotta Vaticana$9(OLS)http://semarc/publisher/30471